| 000 | 00460nam a22001577a 4500 | ||
|---|---|---|---|
| 008 | 230609b |||||||| |||| 00| 0 eng d | ||
| 020 | _a81-7023-270-8 | ||
| 040 |
_aNational Science Library _cNational Science Library |
||
| 080 |
_a62 _bN3 |
||
| 100 |
_aPitroda, Sam _911305 |
||
| 245 |
_aExploding freedom: _bRoots in technology |
||
| 260 |
_aNew Delhi: _bAllied Publishers Limited, _c1993 |
||
| 300 | _axv, 192p. | ||
| 650 | _aScience | ||
| 942 |
_2udc _cBK |
||
| 999 |
_c41488 _d41488 |
||